[Event "XIX Memorial Bertolini"]
[Site "Genova ITA"]
[Date "2014.06.21"]
[Round "3"]
[White "Zherebukh, Yaroslav"]
[Black "Cirabisi, Federico"]
[WhiteElo "2618"]
[BlackElo "2056"]
[Result "1-0"]
[PlyCount "83"]
[EventDate "2014.06.20"]

1. e4 Nf6 2. e5 Nd5 3. d4 d6 4. Bc4 e6 5. Nf3 Nb6 6. Bd3 Nc6 7. c3 Be7 8. Qe2
Bd7 9. Nbd2 d5 10. Nf1 Na5 11. Ng3 c5 12. dxc5 Na4 13. Bc2 b6 14. Qd1 b5 15.
O-O Nb7 16. b4 Qc7 17. Qd4 Nd8 18. Qg4 Nc6 19. Bxa4 bxa4 20. Qxg7 O-O-O 21. b5
Rhg8 22. Qxf7 Rdf8 23. Qxh7 Rh8 24. Qd3 Rxf3 25. Qxf3 Nxe5 26. Qe2 Bxc5 27. Bf4
Bd6 28. Rab1 Nc4 29. Bxd6 Qxd6 30. Rb4 Nb6 31. Re1 Rf8 32. Qe5 Qc5 33. Ne4 Qe7
34. Nd6+ Kd8 35. Rf4 Rxf4 36. Qxf4 Be8 37. Qe5 Kd7 38. Nf5 Nc4 39. Qd4 Qa3 40.
Qxa7+ Kd8 41. b6 Qc5 42. Qa8+ 1-0

[Event "XIX Memorial Bertolini"]
[Site "Genova ITA"]
[Date "2014.06.22"]
[Round "4"]
[White "Atteo, Domenico"]
[Black "Sonis, Francesco"]
[WhiteElo "1811"]
[BlackElo "2023"]
[Result "0-1"]
[PlyCount "64"]
[EventDate "2014.06.20"]

1. e4 c5 2. Nf3 d6 3. d4 cxd4 4. Nxd4 Nf6 5. Nc3 a6 6. Bg5 Nbd7 7. Bc4 Qc7 8.
Bb3 e6 9. O-O Nc5 10. Qf3 Be7 11. Rfe1 O-O 12. Qg3 Qa5 13. Kh1 Nh5 14. Qg4 Bxg5
15. Qxg5 Nxb3 16. e5 Nxd4 17. Qxh5 Nxc2 18. b4 Qd8 19. Ne4 dxe5 20. Rad1 Qe7
21. Re2 Nd4 22. Re3 Nf5 23. Rh3 h6 24. g4 g6 25. gxf5 gxh5 26. Rg1+ Kh7 27. f6
Qxb4 28. Rg7+ Kh8 29. Ng5 Qb1+ 30. Kg2 Qg6 31. Rxh5 Qxg7 32. fxg7+ Kxg7 0-1

[Event "XIX Memorial Bertolini"]
[Site "Genova ITA"]
[Date "2014.06.22"]
[Round "4"]
[White "Di Chiara, Mauro"]
[Black "Raineri, Valerio"]
[WhiteElo "1986"]
[BlackElo "2108"]
[Result "1/2-1/2"]
[PlyCount "87"]
[EventDate "2014.06.20"]

1. Nf3 Nf6 2. d4 g6 3. c4 Bg7 4. Nc3 d6 5. e4 O-O 6. Be2 e5 7. O-O Nc6 8. d5
Ne7 9. Ne1 Ne8 10. Be3 f5 11. f3 f4 12. Bf2 g5 13. a4 Ng6 14. c5 Rf7 15. cxd6
cxd6 16. a5 h5 17. Nb5 a6 18. Bb6 Qe7 19. Na7 Bd7 20. Rc1 Bh6 21. Rc3 Rg7 22.
Qc2 g4 23. Nc8 Qh4 24. Kh1 Ne7 25. Nxe7+ Qxe7 26. Nd3 g3 27. Rc1 Qh4 28. Bg1
Kh8 29. Bf1 Nf6 30. Rc7 Rag8 31. Rxd7 Rxd7 32. h3 Nh7 33. Qa4 Rdg7 34. Qb4 Qf6
35. Qb6 Qd8 36. Qb4 Rd7 37. Bb6 Qb8 38. Rc4 Rc8 39. b3 Bg7 40. Nb2 Ng5 41. Qa4
Rf7 42. Qb4 Bf8 43. Qc3 Re8 44. Nd3 1/2-1/2

[Event "XIX Memorial Bertolini"]
[Site "Genova ITA"]
[Date "2014.06.22"]
[Round "4"]
[White "Gardini, Enrico"]
[Black "Tusha, Ruzhdi"]
[WhiteElo "1851"]
[BlackElo "1547"]
[Result "0-1"]
[PlyCount "120"]
[EventDate "2014.06.20"]

1. c4 g6 2. Nc3 Bg7 3. Nf3 d6 4. d4 Nd7 5. e3 Ngf6 6. Be2 b6 7. O-O Bb7 8. Qc2
c6 9. b3 e6 10. Bb2 O-O 11. Rad1 Qc7 12. Rc1 Rac8 13. Qb1 Rfe8 14. Nd2 Qb8 15.
Bf3 d5 16. cxd5 cxd5 17. Nb5 Ba6 18. Be2 Bb7 19. Ba3 Bf8 20. Qb2 a6 21. Bxf8
Nxf8 22. Nc3 N8d7 23. Qa3 b5 24. Qb2 Qa8 25. a3 e5 26. Na2 Qa7 27. Nf3 Qb8 28.
dxe5 Nxe5 29. Nd4 Nfg4 30. h3 Nd3 31. Bxg4 Nxb2 32. Bxc8 Bxc8 33. Rc3 a5 34. f4
b4 35. axb4 axb4 36. Rc2 Nd3 37. Nc6 Qd6 38. Nd4 Rxe3 39. Rxc8+ Kg7 40. Rc6 Qb8
41. f5 Qa7 42. f6+ Kh6 43. Nxb4 Nxb4 44. Nb5 Nxc6 45. Nxa7 Nxa7 46. Rd1 Re5 47.
Rd4 Kg5 48. Ra4 Nc6 49. Ra6 Re6 50. b4 Kxf6 51. b5 Nb8 52. Ra8 Rb6 53. Ra5 Ke5
54. Kf2 f5 55. Ke3 Nd7 56. Ra7 Ke6 57. Ra5 h6 58. Kd4 Kd6 59. Ra6 f4 60. Kd3
Ke5 0-1

[Event "XIX Memorial Bertolini"]
[Site "Genova ITA"]
[Date "2014.06.22"]
[Round "4"]
[White "Mrdja, Milan"]
[Black "Zherebukh, Yaroslav"]
[WhiteElo "2385"]
[BlackElo "2618"]
[Result "1/2-1/2"]
[PlyCount "111"]
[EventDate "2014.06.20"]

1. e4 c5 2. Nf3 e6 3. d4 cxd4 4. Nxd4 Nc6 5. Nxc6 bxc6 6. Bd3 Nf6 7. O-O d5 8.
Nd2 Be7 9. Qe2 O-O 10. c4 Bb7 11. b3 a5 12. Rd1 a4 13. exd5 cxd5 14. Bb2 Qb6
15. b4 a3 16. Be5 dxc4 17. Nxc4 Qc6 18. Ne3 Rfc8 19. Rab1 g6 20. f3 Qb6 21. Kh1
Ba6 22. b5 Bb7 23. Nc4 Qc5 24. Nd6 Bxd6 25. Bxf6 Rab8 26. Be4 Bxe4 27. fxe4 Be5
28. Bxe5 Qxe5 29. h3 Rc5 30. b6 Rc6 31. Rb5 Qf4 32. Qd3 Qf2 33. Rf1 Rc3 34.
Rxf2 Rxd3 35. Rf3 Rxf3 36. gxf3 Kf8 37. Kg2 Ke7 38. Kg3 Kd6 39. Kf4 f6 40. e5+
fxe5+ 41. Ke4 Kc6 42. Rb3 Rxb6 43. Rxa3 Kd6 44. Rd3+ Ke7 45. Kxe5 Ra6 46. a3 g5
47. Rb3 Ra5+ 48. Ke4 Kf6 49. Ke3 Kf5 50. Kf2 h5 51. Ke3 Ra4 52. Kf2 Ra5 53. Ke3
h4 54. Kf2 Rc5 55. Rb2 Rc3 56. Ra2 1/2-1/2

[Event "XIX Memorial Bertolini"]
[Site "Genova ITA"]
[Date "2014.06.22"]
[Round "4"]
[White "Pedemonte, Claudio"]
[Black "Bottaro, Mario"]
[WhiteElo "1840"]
[BlackElo "1527"]
[Result "1-0"]
[PlyCount "49"]
[EventDate "2014.06.20"]

1. c4 e5 2. g3 Nc6 3. Bg2 f5 4. d3 Nf6 5. Nc3 Be7 6. e4 d6 7. Nge2 O-O 8. O-O
Qe8 9. b3 Qh5 10. Nd5 Bd8 11. Nec3 Qxd1 12. Nxf6+ Bxf6 13. Rxd1 Ne7 14. Nb5 c6
15. Nxd6 Rd8 16. Ba3 Rb8 17. Rac1 Be6 18. c5 b5 19. Bb2 fxe4 20. dxe4 Nc8 21.
h4 Kf8 22. Kh2 b4 23. Bh3 Bxh3 24. Kxh3 g6 25. f4 1-0

[Event "XIX Memorial Bertolini"]
[Site "Genova ITA"]
[Date "2014.06.22"]
[Round "4"]
[White "Restifo, Katiuscia"]
[Black "Mortola, Alberto"]
[WhiteElo "1823"]
[BlackElo "1942"]
[Result "0-1"]
[PlyCount "70"]
[EventDate "2014.06.20"]

1. e4 e5 2. Bc4 Nf6 3. Qe2 Nc6 4. c3 Bc5 5. Nf3 O-O 6. O-O d6 7. h3 Qe7 8. d3
h6 9. Rd1 Bb6 10. Nbd2 Nh5 11. Nf1 Qf6 12. Be3 g5 13. N3h2 Nf4 14. Bxf4 gxf4
15. Kh1 Kh7 16. Nd2 Rg8 17. Ndf3 Bd7 18. Bb3 Rg7 19. Bc2 Rag8 20. Rg1 Ne7 21.
d4 Ng6 22. Rad1 Be6 23. dxe5 dxe5 24. Bb3 Bc8 25. Qb5 Bxf2 26. Rgf1 Bb6 27. h4
c6 28. Qd3 Nxh4 29. Nxh4 Qxh4 30. Rd2 Rg3 31. Qd6 R8g5 32. Bxf7 Bh3 33. Qe7 Bc5
34. Qxc5 Bxg2+ 35. Rxg2 Rxg2 0-1

[Event "XIX Memorial Bertolini"]
[Site "Genova ITA"]
[Date "2014.06.22"]
[Round "4"]
[White "Rivara, Massimo"]
[Black "Gandolfi, Gianfranco"]
[WhiteElo "1789"]
[BlackElo "1864"]
[Result "1-0"]
[PlyCount "51"]
[EventDate "2014.06.20"]

1. e4 e5 2. Nc3 Nf6 3. Bc4 Nc6 4. d3 h6 5. f4 Bc5 6. Nf3 d6 7. Na4 Bb6 8. Nxb6
axb6 9. a3 Be6 10. Bxe6 fxe6 11. fxe5 Nxe5 12. Nxe5 dxe5 13. O-O O-O 14. Be3
Qd6 15. Qe2 Rad8 16. h3 c5 17. Rf3 Nd7 18. Rg3 Kh7 19. Qg4 Rf7 20. Qg6+ Kg8 21.
Bxh6 Qd4+ 22. Kh2 Nf8 23. Qg4 Rdd7 24. Rb1 Qf2 25. Rc1 Rf6 26. Be3 1-0

[Event "XIX Memorial Bertolini"]
[Site "Genova ITA"]
[Date "2014.06.22"]
[Round "5"]
[White "Mortola, Alberto"]
[Black "Biancotti, Alessandro"]
[WhiteElo "1942"]
[BlackElo "1878"]
[Result "1-0"]
[PlyCount "104"]
[EventDate "2014.06.20"]

1. Nf3 c5 2. d4 cxd4 3. Nxd4 Nf6 4. Nc3 g6 5. e4 d6 6. Bb5+ Bd7 7. Bxd7+ Qxd7
8. O-O Bg7 9. Bg5 O-O 10. Qd2 Nc6 11. Nxc6 bxc6 12. Rad1 Qc7 13. Bh6 Rfd8 14.
Bxg7 Kxg7 15. Qe3 Rab8 16. b3 Qa5 17. Rd4 Ng4 18. Qd2 Rbc8 19. Ra4 Qb6 20. Qd4+
Qxd4 21. Rxd4 Nf6 22. Rfd1 d5 23. e5 Nd7 24. Re1 e6 25. f4 Nb6 26. Red1 c5 27.
R4d2 a6 28. Ne4 c4 29. Nd6 Rc7 30. b4 Rb8 31. c3 Nc8 32. Nxc8 Rcxc8 33. a4 Rb7
34. Kf2 f6 35. Ke3 fxe5 36. fxe5 g5 37. Rf1 Rf7 38. Rxf7+ Kxf7 39. Rf2+ Ke7 40.
Kd4 Rc7 41. Rf6 Rc8 42. Rh6 Rh8 43. Kc5 Kd7 44. Kb6 d4 45. cxd4 c3 46. Rf6 c2
47. Rf7+ Ke8 48. Rc7 Rf8 49. Rxc2 Kd7 50. Rc7+ Kd8 51. Rxh7 Rf4 52. Kc5 Rf2 1-0

[Event "XIX Memorial Bertolini"]
[Site "Genova ITA"]
[Date "2014.06.22"]
[Round "5"]
[White "Raineri, Valerio"]
[Black "Milleri, Leonardo"]
[WhiteElo "2108"]
[BlackElo "1889"]
[Result "1-0"]
[PlyCount "67"]
[EventDate "2014.06.20"]

1. e4 c5 2. Nf3 d6 3. d4 cxd4 4. Nxd4 Nf6 5. Nc3 a6 6. Be3 Ng4 7. Bc1 e5 8. Nb3
Be7 9. h3 Nf6 10. Be3 Be6 11. Be2 d5 12. exd5 Nxd5 13. Nxd5 Bxd5 14. O-O O-O
15. c4 Bc6 16. Qxd8 Rxd8 17. Bb6 Rc8 18. Rfd1 Nd7 19. Be3 f5 20. f3 Nf6 21. Na5
Be8 22. Rac1 Bf7 23. b3 Ba3 24. Nxb7 Bxc1 25. Rxc1 Rc7 26. Nd6 Be6 27. b4 Rc6
28. c5 Rd8 29. Nb7 Rb8 30. Na5 Rc7 31. a3 Bc8 32. c6 Kf8 33. Bc5+ Ke8 34. Bd6
1-0

[Event "XIX Memorial Bertolini"]
[Site "Genova ITA"]
[Date "2014.06.22"]
[Round "5"]
[White "Saffioti, Massimo"]
[Black "Diena, Giovanni"]
[WhiteElo "1904"]
[BlackElo "1671"]
[Result "1-0"]
[PlyCount "66"]
[EventDate "2014.06.20"]

1. c4 c5 2. Nc3 Nf6 3. e4 d6 4. h3 Nc6 5. d3 g6 6. g3 Bg7 7. Bg2 Bd7 8. Nge2 a6
9. O-O O-O 10. Be3 e5 11. Qd2 Nd4 12. f4 Bc6 13. fxe5 dxe5 14. Bg5 Qd6 15. Nd5
Nxe2+ 16. Qxe2 Bxd5 17. cxd5 Nh5 18. Qf2 h6 19. Be3 b6 20. b4 Rac8 21. bxc5
bxc5 22. Rac1 f5 23. Bxc5 Rxc5 24. Qxc5 Qxc5+ 25. Rxc5 Nxg3 26. Rc6 Nxf1 27.
Bxf1 fxe4 28. dxe4 Rf6 29. Bxa6 g5 30. Bc4 Kh7 31. d6 Rf8 32. d7 Rd8 33. Be6 h5
1-0

[Event "XIX Memorial Bertolini"]
[Site "Genova ITA"]
[Date "2014.06.22"]
[Round "5"]
[White "Sonis, Francesco"]
[Black "Rivara, Massimo"]
[WhiteElo "2023"]
[BlackElo "1789"]
[Result "1-0"]
[PlyCount "89"]
[EventDate "2014.06.20"]

1. e4 c5 2. Nf3 d6 3. d4 cxd4 4. Nxd4 Nf6 5. Nc3 a6 6. Be2 e5 7. Nb3 Be6 8. O-O
Be7 9. f4 exf4 10. Bxf4 O-O 11. Kh1 Nc6 12. Nd4 Nxd4 13. Qxd4 Rc8 14. Rad1 Rc6
15. Rd2 Qa5 16. Rfd1 b5 17. a3 Rfc8 18. Bf3 Bg4 19. Bxg4 Nxg4 20. Nd5 Bf8 21.
h3 Ne5 22. Bxe5 dxe5 23. Qxe5 Rxc2 24. Rxc2 Rxc2 25. Qe8 g6 26. Nf6+ Kg7 27.
Nd7 Bd6 28. e5 Re2 29. Rf1 Rf2 30. Rg1 Re2 31. Rf1 Rf2 32. Rxf2 Qe1+ 33. Kh2
Qxf2 34. exd6 Qf4+ 35. Kg1 Qd4+ 36. Kf1 Qf4+ 37. Ke2 Qc4+ 38. Kf3 Qc6+ 39. Kg3
Qxd6+ 40. Qe5+ Qxe5+ 41. Nxe5 Kf6 42. Nd7+ Kf5 43. Nc5 a5 44. Nb7 Ke4 45. Nxa5
1-0

[Event "XIX Memorial Bertolini"]
[Site "Genova ITA"]
[Date "2014.06.22"]
[Round "5"]
[White "Tusha, Ruzhdi"]
[Black "Di Chiara, Mauro"]
[WhiteElo "1547"]
[BlackElo "1986"]
[Result "0-1"]
[PlyCount "92"]
[EventDate "2014.06.20"]

1. d4 g6 2. Nf3 Bg7 3. h3 d6 4. Bg5 c5 5. e3 Nc6 6. c3 cxd4 7. exd4 Nf6 8. Bb5
Bd7 9. O-O O-O 10. Bc4 Rc8 11. Bb3 Na5 12. Bc2 b5 13. Nbd2 h6 14. Bh4 Nd5 15.
Be4 Nb6 16. Re1 Re8 17. Rc1 Nac4 18. Rb1 a5 19. Bd3 Bc6 20. Ne4 Bxe4 21. Bxe4
d5 22. Bd3 Qd7 23. Qe2 e5 24. dxe5 Nxe5 25. Nxe5 Rxe5 26. Qf1 Nc4 27. Red1 Qa7
28. Bg3 Ree8 29. Bc2 d4 30. Qd3 dxc3 31. bxc3 Na3 32. Rb3 Nxc2 33. Qxc2 b4 34.
c4 Qc5 35. Rc1 Re6 36. Bf4 Rec6 37. Qe2 Qd4 38. Be3 Qe4 39. c5 Rxc5 40. Rxc5
Rxc5 41. Qa6 Rd5 42. Qc8+ Kh7 43. Qc1 Qe5 44. Bf4 Qe2 45. Qc7 Qxa2 46. Rf3 Rd1+
0-1

[Event "XIX Memorial Bertolini"]
[Site "Genova ITA"]
[Date "2014.06.22"]
[Round "5"]
[White "Vercelli, Alessandro"]
[Black "Cirabisi, Federico"]
[WhiteElo "1719"]
[BlackElo "2056"]
[Result "1-0"]
[PlyCount "65"]
[EventDate "2014.06.20"]

1. d4 d5 2. c4 e5 3. dxe5 d4 4. Nf3 Nc6 5. g3 Be6 6. Nbd2 Qd7 7. Bg2 Bh3 8. O-O
h5 9. Qa4 Bxg2 10. Kxg2 h4 11. Ng1 d3 12. exd3 Qxd3 13. Ndf3 h3+ 14. Nxh3 Rxh3
15. Rd1 Qe4 16. Kxh3 Qxf3 17. Qb3 Qxb3 18. axb3 Bc5 19. Kg2 Nge7 20. f4 Rd8 21.
Rxd8+ Kxd8 22. Bd2 a6 23. Bc3 Nf5 24. Rd1+ Ke7 25. Rd3 a5 26. Kf3 Nfd4+ 27.
Bxd4 Nxd4+ 28. Ke4 Nc6 29. f5 Bg1 30. h4 Bf2 31. h5 Nb4 32. Rf3 Be1 33. f6+ 1-0

[Event "XIX Memorial Bertolini"]
[Site "Genova ITA"]
[Date "2014.06.22"]
[Round "5"]
[White "Zherebukh, Yaroslav"]
[Black "Sanchez, Joseph"]
[WhiteElo "2618"]
[BlackElo "2514"]
[Result "1-0"]
[PlyCount "104"]
[EventDate "2014.06.20"]

1. c4 Nf6 2. Nc3 e5 3. Nf3 Nc6 4. e4 Bb4 5. d3 d6 6. g3 O-O 7. Bg2 Be6 8. O-O
Bxc3 9. bxc3 Qc8 10. Re1 Bh3 11. Bh1 Qg4 12. Ng5 Qxd1 13. Rxd1 Bd7 14. f4 Rae8
15. Rb1 b6 16. f5 g6 17. h3 h6 18. Nf3 Kh7 19. g4 gxf5 20. gxf5 Rg8+ 21. Kh2
Nh5 22. Nh4 Rg7 23. Bf3 Nf6 24. Be3 Na5 25. Bf2 Ba4 26. Rd2 Nb7 27. Ng2 Nc5 28.
Bh4 Ncd7 29. Ne3 Bc6 30. Rf1 a6 31. Bd1 b5 32. Nd5 Bxd5 33. cxd5 Rc8 34. Bb3 c6
35. dxc6 Rxc6 36. Rc2 Kg8 37. a4 Kh7 38. axb5 axb5 39. Ra1 Rc7 40. Ra5 Nh5 41.
Rxb5 Nc5 42. Rd2 Nxb3 43. Rxb3 Ra7 44. Rb6 Ra1 45. Bf2 Nf4 46. Be3 d5 47. Bxf4
exf4 48. exd5 Rgg1 49. c4 Raf1 50. Rf2 Rh1+ 51. Kg2 Rfg1+ 52. Kf3 Rxh3+ 1-0

[Event "Torneo dello Jonio"]
[Site "Isola di Capo Rizzuto ITA"]
[Date "2014.07.07"]
[Round "1"]
[White "Crugliano, Pasquale"]
[Black "Frontera, Domenico"]
[WhiteElo "1437"]
[BlackElo "1699"]
[Result "0-1"]
[PlyCount "48"]
[EventDate "2014.07.07"]

1. c4 f5 2. Nc3 Nf6 3. d4 e6 4. Bf4 g6 5. Nf3 d6 6. e3 Bg7 7. Bd3 Nbd7 8. O-O
O-O 9. Qd2 Nh5 10. Bg5 Qe8 11. Nb5 Qf7 12. Nxc7 Rb8 13. Qb4 h6 14. Bh4 g5 15.
Bg3 f4 16. Qxd6 fxg3 17. Nxe6 Ndf6 18. Nxf8 gxh2+ 19. Nxh2 Bxf8 20. Qxb8 Qd7
21. Qxa7 Ng4 22. f3 Nxe3 23. Rf2 Nf4 24. Rd2 Qh3 0-1

[Event "Torneo dello Jonio"]
[Site "Isola di Capo Rizzuto ITA"]
[Date "2014.07.07"]
[Round "1"]
[White "Furnari, Francesco"]
[Black "Levato, Biagio"]
[WhiteElo "1791"]
[BlackElo "1593"]
[Result "1-0"]
[PlyCount "79"]
[EventDate "2014.07.07"]

1. e4 c5 2. Nf3 Nc6 3. d4 cxd4 4. Nxd4 e6 5. Be2 a6 6. O-O Qc7 7. Be3 Nf6 8.
Nxc6 dxc6 9. Nc3 Bd6 10. f4 e5 11. f5 b5 12. Bf3 Bb7 13. a3 Rd8 14. Qe2 b4 15.
axb4 Bxb4 16. Na4 Qb8 17. Nc5 Bxc5 18. Bxc5 Nd7 19. Bb4 c5 20. Ba5 Rc8 21. Rfd1
Nf6 22. c4 O-O 23. g4 Qa8 24. Re1 h6 25. h4 Rfe8 26. Rad1 Re7 27. g5 hxg5 28.
hxg5 Nh7 29. Qe3 Nf8 30. Rd2 Rd7 31. Rh2 Rc6 32. Qf2 f6 33. g6 Rcd6 34. Qh4
Nxg6 35. Qh7+ Kf8 36. Qxg6 Kg8 37. Qh7+ Kf8 38. Qh8+ Kf7 39. Bh5+ Ke7 40. Qxg7#
1-0

[Event "Torneo dello Jonio"]
[Site "Isola di Capo Rizzuto ITA"]
[Date "2014.07.07"]
[Round "1"]
[White "Grillo, Gianluca"]
[Black "Grano, Giuseppe"]
[WhiteElo "1373"]
[BlackElo "1665"]
[Result "0-1"]
[PlyCount "118"]
[EventDate "2014.07.07"]

1. d4 Nf6 2. Bf4 d5 3. e3 g6 4. Bd3 Bg7 5. Nd2 O-O 6. c3 a6 7. h3 Nbd7 8. Ne2
Re8 9. g4 e5 10. Bg5 e4 11. Bc2 c6 12. Ng3 Qb6 13. Bb3 Nf8 14. Bxf6 Bxf6 15. h4
Qd8 16. h5 Bh4 17. Qe2 Bxg3 18. fxg3 Qg5 19. O-O-O Bxg4 20. Qf2 Bxd1 21. Bxd1
Re6 22. Rf1 Re7 23. g4 Nd7 24. hxg6 hxg6 25. Rh1 Qf6 26. Qh2 Qg7 27. Qh4 Rae8
28. g5 c5 29. Nb3 cxd4 30. Nxd4 Ne5 31. Rh2 Nf3 32. Nxf3 exf3 33. Bxf3 Rxe3 34.
Bxd5 Re1+ 35. Kd2 R1e7 36. Kd3 Rd8 37. c4 b5 38. b3 b4 39. Qd4 Qxd4+ 40. Kxd4
Kg7 41. Rh4 f6 42. gxf6+ Kxf6 43. Re4 g5 44. Rxe7 Kxe7 45. Ke5 Rf8 46. c5 Kd7
47. Be6+ Kc7 48. Kd5 Rf2 49. Kc4 Kc6 50. Kd4 Rf4+ 51. Ke3 Kxc5 52. Bc8 a5 53.
Bd7 Kd6 54. Bc8 Ke5 55. Bd7 g4 56. Bc6 g3 57. Bb7 Rf2 58. Bc6 Kf5 59. Bb7 Kg5
0-1

[Event "Torneo dello Jonio"]
[Site "Isola di Capo Rizzuto ITA"]
[Date "2014.07.07"]
[Round "1"]
[White "Guzzo, Giovanni"]
[Black "Galardo, Emanuele"]
[WhiteElo "1696"]
[BlackElo "1423"]
[Result "1-0"]
[PlyCount "116"]
[EventDate "2014.07.07"]

1. e4 e5 2. Nf3 Nf6 3. Nc3 Nc6 4. Bc4 Bc5 5. O-O d6 6. h3 O-O 7. a3 Be6 8. Be2
h6 9. d3 Re8 10. Na4 Bb6 11. Nxb6 axb6 12. c3 d5 13. exd5 Bxd5 14. Nh2 Na5 15.
c4 Be6 16. b4 Nc6 17. Bb2 Nd4 18. Re1 c5 19. Bf1 Bf5 20. Nf3 Qd6 21. Bc3 Rad8
22. b5 e4 23. Nxd4 cxd4 24. Bb4 Qc7 25. Rc1 Rc8 26. dxe4 Rxe4 27. Rxe4 Nxe4 28.
Qxd4 Rd8 29. Qe3 g5 30. Bd3 Qf4 31. Qxf4 gxf4 32. Bb1 Bg6 33. Re1 Nd2 34. Bxg6
fxg6 35. c5 bxc5 36. Bxc5 Nb3 37. Bb4 Nd4 38. Ba5 Ra8 39. Bc7 Nxb5 40. Bxf4 g5
41. Bc1 Nxa3 42. Bb2 Nc4 43. Bc3 Rb8 44. Re7 b5 45. Rg7+ Kf8 46. Rh7 Rb6 47.
Bd4 Ra6 48. Rb7 Nd6 49. Bc5 Ke8 50. Bxd6 Rxd6 51. Rxb5 Kf7 52. Kh2 Rd2 53. Kg3
Kg6 54. Rb6+ Kg7 55. Rb7+ Kg6 56. Rb8 h5 57. Rf8 h4+ 58. Kh2 Rd7 1-0

[Event "Torneo dello Jonio"]
[Site "Isola di Capo Rizzuto ITA"]
[Date "2014.07.07"]
[Round "1"]
[White "Malerba, Gianluca"]
[Black "Manfredi, Candido"]
[WhiteElo "1476"]
[BlackElo "1726"]
[Result "1/2-1/2"]
[PlyCount "94"]
[EventDate "2014.07.07"]

1. e4 c6 2. f4 d5 3. exd5 cxd5 4. d4 Nf6 5. Nf3 Bg4 6. Be2 e6 7. c3 Be7 8. O-O
O-O 9. Nbd2 Nbd7 10. Ne5 Bxe2 11. Qxe2 Qb6 12. Kh1 Rad8 13. Ndf3 Ne4 14. Nd2 f5
15. Rf3 Ndf6 16. Nxe4 Nxe4 17. Be3 Bf6 18. Rh3 Bxe5 19. dxe5 Qc7 20. Qh5 g6 21.
Qe2 a6 22. a4 Rc8 23. Qe1 Qc4 24. Qh4 Rf7 25. Qe1 Qb3 26. Bc1 Rc4 27. Ra3 Qc2
28. Rf3 Rxa4 29. Rxa4 Qxa4 30. Be3 Qc2 31. Qa1 Kg7 32. Qa3 Nd2 33. Rh3 Qd1+ 34.
Bg1 Qg4 35. Qd6 Qxf4 36. Qxe6 Ne4 37. Rxh7+ Kxh7 38. Qxf7+ Kh6 39. Qf8+ Kg5 40.
Qe7+ Kh5 41. Qh7+ Qh6 42. Qxb7 Kg4 43. h3+ Kf4 44. Bh2+ Ke3 45. Qb6+ Kd2 46. e6
Qh4 47. Qd4+ Ke2 1/2-1/2

[Event "Torneo dello Jonio"]
[Site "Isola di Capo Rizzuto ITA"]
[Date "2014.07.07"]
[Round "1"]
[White "Palmieri, Francesco"]
[Black "Bontempi, Piero"]
[WhiteElo "1620"]
[BlackElo "2360"]
[Result "0-1"]
[PlyCount "62"]
[EventDate "2014.07.07"]

1. e4 c5 2. c3 Nf6 3. e5 Nd5 4. d4 cxd4 5. cxd4 g6 6. Nf3 Bg7 7. Bc4 Nb6 8. Bb3
O-O 9. O-O d6 10. Nc3 Bg4 11. Nd5 Nc6 12. Nxb6 Qxb6 13. Be3 dxe5 14. dxe5 Qa5
15. h3 Bxf3 16. Qxf3 Qxe5 17. Rfd1 Qxb2 18. Rab1 Qf6 19. Qe2 e6 20. Ba4 Na5 21.
Rb5 b6 22. Bd4 Qf4 23. g3 Qc7 24. Bxg7 Kxg7 25. Re5 Rfd8 26. Re1 Qc4 27. Qb2
Qd4 28. Qb5 a6 29. Qe2 Qxa4 30. Re4 Qb5 31. Qc2 Rac8 $138 0-1

[Event "Torneo dello Jonio"]
[Site "Isola di Capo Rizzuto ITA"]
[Date "2014.07.07"]
[Round "1"]
[White "Rotoni, Matteo"]
[Black "Proietto, Francesco"]
[WhiteElo "2188"]
[BlackElo "1613"]
[Result "1-0"]
[PlyCount "23"]
[EventDate "2014.07.07"]

1. e4 c5 2. d4 cxd4 3. c3 d5 4. exd5 Qxd5 5. cxd4 Nc6 6. Nf3 Bg4 7. Nc3 Qa5 8.
d5 O-O-O 9. Bd2 Ne5 10. Nb5 Bxf3 11. Bxa5 Bxd1 12. Bxd8 1-0

[Event "Torneo dello Jonio"]
[Site "Isola di Capo Rizzuto ITA"]
[Date "2014.07.07"]
[Round "1"]
[White "Scerra, Ezio"]
[Black "Forlano, Luigi"]
[WhiteElo "1605"]
[BlackElo "1956"]
[Result "0-1"]
[PlyCount "48"]
[EventDate "2014.07.07"]

1. e4 Nf6 2. Nc3 e5 3. Nf3 Nc6 4. Bc4 Nxe4 5. Bxf7+ Kxf7 6. Nxe4 d5 7. Neg5+
Kg8 8. d3 h6 9. Nh3 Bg4 10. c3 Qf6 11. Nhg1 e4 12. dxe4 dxe4 13. Qd5+ Kh7 14.
Qxe4+ Bf5 15. Qh4 Re8+ 16. Be3 g5 17. Nxg5+ Qxg5 18. Qxg5 hxg5 19. Nf3 Kg6 20.
Nxg5 Rxe3+ 21. fxe3 Kxg5 22. O-O-O Bc5 23. Rd5 Bxe3+ 24. Kd1 Rd8 0-1

[Event "Torneo dello Jonio"]
[Site "Isola di Capo Rizzuto ITA"]
[Date "2014.07.08"]
[Round "2"]
[White "Bontempi, Piero"]
[Black "Colantonio, Marco"]
[WhiteElo "2360"]
[BlackElo "1705"]
[Result "1-0"]
[PlyCount "49"]
[EventDate "2014.07.07"]

1. e4 d6 2. d4 Nf6 3. Nc3 g6 4. f3 Bg7 5. Be3 Nc6 6. Qd2 Bd7 7. O-O-O e6 8. g4
Qe7 9. h3 O-O-O 10. d5 exd5 11. exd5 Nb8 12. Bxa7 b6 13. Nge2 Kb7 14. Bxb8 Rxb8
15. Nd4 Rhe8 16. Nc6 Bxc6 17. dxc6+ Kc8 18. g5 Nh5 19. Ba6+ Kd8 20. Rhe1 Be5
21. Nd5 Qe6 22. Kb1 Ra8 23. f4 Rxa6 24. fxe5 dxe5 25. Nxb6+ 1-0

[Event "Torneo dello Jonio"]
[Site "Isola di Capo Rizzuto ITA"]
[Date "2014.07.08"]
[Round "2"]
[White "Forlano, Luigi"]
[Black "Guzzo, Giovanni"]
[WhiteElo "1956"]
[BlackElo "1696"]
[Result "1-0"]
[PlyCount "69"]
[EventDate "2014.07.07"]

1. d4 e6 2. e4 d5 3. Nc3 c5 4. exd5 exd5 5. dxc5 d4 6. Qe2+ Be6 7. Ne4 Nc6 8.
Bf4 Qa5+ 9. Qd2 Qxd2+ 10. Kxd2 O-O-O 11. a3 Bd5 12. Nd6+ Bxd6 13. Bxd6 Nf6 14.
f3 Rhe8 15. Nh3 h6 16. Nf4 g5 17. Nxd5 Nxd5 18. Bd3 Ne3 19. Rhe1 Ne5 20. b3
Nxd3 21. Kxd3 Nxg2 22. Re4 Nh4 23. Rae1 Rxe4 24. fxe4 Nf3 25. Re2 g4 26. Kc4 a6
27. Kd5 h5 28. e5 Kd7 29. e6+ fxe6+ 30. Rxe6 Re8 31. Rg6 Ne1 32. Rg7+ Kd8 33.
Rxb7 Nxc2 34. Rb8+ Kd7 35. c6# 1-0

[Event "Torneo dello Jonio"]
[Site "Isola di Capo Rizzuto ITA"]
[Date "2014.07.08"]
[Round "2"]
[White "Galardo, Emanuele"]
[Black "Scerra, Ezio"]
[WhiteElo "1423"]
[BlackElo "1605"]
[Result "1/2-1/2"]
[PlyCount "90"]
[EventDate "2014.07.07"]

1. e4 e5 2. Nf3 Nc6 3. Bc4 Bc5 4. O-O Nf6 5. Nc3 O-O 6. d3 Na5 7. Bb3 Nxb3 8.
axb3 Qe8 9. Be3 Bxe3 10. fxe3 c6 11. Re1 d6 12. h3 b5 13. b4 Qd8 14. d4 Nd7 15.
Qd2 Qf6 16. Ne2 Nb6 17. b3 Bxh3 18. Kh2 Qh6 19. gxh3 f5 20. exf5 Rxf5 21. Rf1
Rh5 22. Nfg1 Nc4 23. Ng3 Nxe3 24. Qf2 Ng4+ 25. Kg2 Nxf2 26. Rxf2 Qg6 27. dxe5
Rxe5 28. Nf3 Re7 29. Nd4 Re3 30. Ndf5 Re5 31. Rd1 d5 32. h4 Rf8 33. Rdf1 Rfxf5
34. Rxf5 Rxf5 35. Rxf5 Qg4 36. Re5 Qxb4 37. Re8+ Kf7 38. Rc8 Qd2+ 39. Kh3 Qxc2
40. Rc7+ Kf6 41. Nh5+ Kg6 42. Nf4+ Kh6 43. Re7 Qxb3+ 44. Kg4 Qd1+ 45. Kg3 Qg1+
1/2-1/2

[Event "Torneo dello Jonio"]
[Site "Isola di Capo Rizzuto ITA"]
[Date "2014.07.08"]
[Round "2"]
[White "Grano, Giuseppe"]
[Black "Furnari, Francesco"]
[WhiteElo "1665"]
[BlackElo "1791"]
[Result "0-1"]
[PlyCount "151"]
[EventDate "2014.07.07"]

1. Nf3 d5 2. d4 Nf6 3. e3 Bf5 4. Bd3 Bxd3 5. Qxd3 e6 6. Nbd2 c6 7. c3 Be7 8.
O-O O-O 9. e4 dxe4 10. Nxe4 Nxe4 11. Qxe4 Nd7 12. Re1 Nf6 13. Qc2 Rc8 14. Bg5
h6 15. Bf4 c5 16. Rad1 cxd4 17. Nxd4 Qb6 18. Be3 Nd5 19. Nf3 Nxe3 20. Rxe3 Rfd8
21. Red3 Bf6 22. Qe2 Rxd3 23. Rxd3 Rd8 24. Rxd8+ Qxd8 25. h3 Qd5 26. c4 Qa5 27.
b3 Qc3 28. Qd2 Qxd2 29. Nxd2 a5 30. Ne4 Be7 31. Kf1 Kf8 32. Ke2 Ke8 33. Kd3 Kd7
34. f3 f5 35. Nf2 Kd6 36. a4 Ke5 37. g3 g5 38. Nd1 Bc5 39. Nc3 Bf2 40. Ne2 Kd6
41. g4 Ke5 42. Kc3 Kf6 43. b4 Be1+ 44. Kd4 Bxb4 45. c5 Be1 46. Nc1 Bf2+ 47. Kc4
e5 48. Kd5 e4 49. fxe4 fxe4 50. Ne2 e3 51. c6 bxc6+ 52. Kxc6 Ke5 53. Kc5 Ke4
54. Kc4 Kf3 55. Kd3 Kg2 56. Ke4 Kxh3 57. Kf3 Kh4 58. Nd4 h5 59. Nf5+ Kh3 60.
gxh5 g4+ 61. Ke2 g3 62. Nxg3 Bxg3 63. h6 Kg4 64. Kxe3 Bf4+ 65. Ke4 Bxh6 66. Ke5
Kf3 67. Kd4 Ke2 68. Kc3 Kd1 69. Kb2 Kd2 70. Kb3 Kd3 71. Kb2 Kc4 72. Ka3 Bf8+
73. Ka2 Kb4 74. Kb2 Kxa4 75. Ka2 Bg7 76. Kb1 0-1